| 000 | 00691na a2200253 4500 | ||
|---|---|---|---|
| 001 | 14471 | ||
| 003 | MIRAKIL | ||
| 005 | 20181213154923.0 | ||
| 008 | 160828b tu 000 0 | ||
| 020 | _a9751600707 | ||
| 035 | _a14471 | ||
| 040 |
_aMilas _btur _cTR-AnCHP |
||
| 082 |
_aDAN 413 _bT96t 2005 |
||
| 090 | _aDAN 413 T96t 2005 | ||
| 110 | _aTürk Dil Kurumu | ||
| 245 |
_aTürkçe sözlük _cTürk Dil Kurumu |
||
| 250 | _a10. bs. | ||
| 260 |
_aAnkara _bTürk Dil Kurumu _c2005 |
||
| 300 |
_axix, 2244 s. _bportre; el yzs. _c25 sm. |
||
| 490 |
_aTürk Dil Kurumu yayınları _v549 |
||
| 650 |
_aTürk dili _xSözlükler |
||
| 650 |
_aTürkçe _xSözlükler |
||
| 942 |
_2ddc _cBKS |
||
| 999 |
_c3183 _d3183 |
||